| 000 | 00398nam a2200157Ia 4500 | ||
|---|---|---|---|
| 008 | 230711s9999||||xx |||||||||||||| ||und|| | ||
| 041 | _aENG | ||
| 082 |
_a621.3 _bJA-N |
||
| 100 | _aJain,M.K | ||
| 245 | 0 | _aNumerical methods for scientific and engineering computation | |
| 250 | _a1st | ||
| 260 |
_c1994 _aNew Delhi _bWiley Eastern Limited |
||
| 300 | _a450 | ||
| 650 | _aMathematics | ||
| 942 | _cBK | ||
| 999 |
_c2449 _d2449 |
||